| 000 | 00562nam a2200145Ia 4500 | ||
|---|---|---|---|
| 008 | 090122s9999 xx 000 0 und d | ||
| 082 |
_b4064 _aL : 54 (M) |
||
| 100 |
_aगाला _bध _c"रा," |
||
| 245 | _aहृदयरोग टाळा व दीर्घायुषी व्हा | ||
| 600 | _aगाला | ||
| 630 | _aहृदयरोग टाळा व दीर्घायुषी व्हा | ||
| 700 | _aगाला | ||
| 730 | _aहृदयरोग टाळा व दीर्घायुषी व्हा | ||
| 942 | _cBOOK | ||
| 999 |
_c28142 _d28142 |
||